000
00273nam a22000977a 4500
005
20250901165601.0
008
231109b |||||||| |||| 00| 0 eng d
050
_a
QC721.S67 1964
245
_a
ELEMENTARY PARTICLES
_c
Sokolov, A.A.
942
_2
lcc
_h
QC721.S67 1964
999
_c
6245
_d
6245